000 00296nam a2200121Ia 4500
008 191201s2012 xx 000 0 und d
100 _aKULKARNI,M
245 0 _aMicrowave and Radar Engineering
260 _c2012
_bUmesh Publications
_aN. Delhi
300 _a677
650 _aECE
942 _2ddc
_cBB
999 _c7572
_d7572